000 00301nam a2200133Ia 4500
100 _aShames/ Irving .H
942 _cBK
654 _aEngg.Mechanics
245 _aEngineering Mechanics
260 _bPrentice-hall Of India Pvt. Ltd.
_aNew Delhi
300 _a764
546 _aENGLISH
999 _c29054
_d29054